000 00790nam a2200277Ia 4500
001 Para_5540
003 CHAP
008 220125s1914 xx 000 0 und d
010 _a203999
040 _cCHAP
090 _aPA FOLLETO 2855
100 _aWooslsey, Theodore S
_9122598
245 _aNorway pine in the Lake states /
_c by Theodore S. Woolsey and Herman H. Chapman
260 _aWashington :
_b Department of Agriculture
300 _a41 p.
440 _aEUA. Dep. of Agri. Bull.; 139
_9170035
650 _aPinus resinosa
_988363
700 _aChapman, Herman H.
_9170036
901 _aPA FOLLETO 2855
902 _aA
905 _a0000001914 WAS 0000000000 00
910 _a1914
942 _cPARA
942 _cPARA
_d1
999 _c203999
_d203999